000
00312nam a2200133Ia 4500
008
260604s9999 xx 000 0 und d
020
_a
9780367685331
082
_a
302 PIL
100
_a
Ann pilkington
_9
35835
245
0
_a
Communicating Projects
260
_b
Routledge
500
_a
Communication
942
_c
BK
999
_c
8668
_d
8668